| 000 | 00825cab a2200253 4500 | ||
|---|---|---|---|
| 001 | ABS54190 | ||
| 008 | 090401t1995 xxu||||| |||| 00| 0 eng d | ||
| 035 | _a(Sirsi) u8950 | ||
| 041 | _aeng | ||
| 100 | _aMetliss, M. | ||
| 245 | _aOriginal tenant liability reformed | ||
| 260 | _c1995 | ||
| 350 | _a0 | ||
| 490 |
_aEstate Agent _vDecember 1995, 33(1) |
||
| 520 | _aExamines the effects the Landlord and Tenant (Covenants) Act 1995 will have on the rights and obligations of landlords and tenants with regards to the law of privity of contract. | ||
| 650 | _aCOMMERCIAL LEASES | ||
| 650 | _aLANDLORD AND TENANT (COVENANTS) ACT 1995 | ||
| 650 | _aPRIVITY OF CONTRACT | ||
| 650 | _aRELEASE PROVISIONS | ||
| 650 | _aRESIDENTIAL LEASES | ||
| 690 |
_aLANDLORD AND TENANT _96252 |
||
| 942 | _n0 | ||
| 948 | _c04/03/1997 | ||
| 999 |
_c5545 _d5545 |
||